| 000 | 01074nam a2200265 4500 | ||
|---|---|---|---|
| 005 | 20221010120727.0 | ||
| 008 | 221010s2022 ck |||gr|||| 00| 0 spa d | ||
| 020 | _a9788418970399 | ||
| 040 |
_aCO-BoUCM _bspa _cDeissy Garcia _dDeissy Garcia |
||
| 041 | 0 | _aspa | |
| 245 | 0 | 0 |
_aEntre Este y Oeste _bestado, nación y conflicto en la Ucrania contemporánea _ceditores Sören Brinkmann, Angélica Rodríguez Rodríguez ; Vladimir Rouvinski |
| 260 |
_aBogotá _bTirant lo Blanch _bUniversidad ICESI _c2022 |
||
| 300 | _a269 páginas | ||
| 490 | 0 | _aTirant humanidades. Plural | |
| 504 | _aIncluye referencias bibliográficas | ||
| 650 | 7 |
_aRelaciones internacionales _zUcrania _9175940 |
|
| 651 | 7 |
_aUcrania _xHistoria _9175941 |
|
| 651 | 7 |
_aUcrania _xPolítica y gobierno _9175942 |
|
| 651 | 7 |
_aUcrania _xGuerr _9175943 |
|
| 700 |
_9100368 _aBrinkmann, Sören _eeditor |
||
| 700 | 1 |
_9175939 _aRodríguez Rodríguez, Angélica _eeditor |
|
| 700 |
_967377 _aRouvinski, Vladimir _eeditor |
||
| 942 |
_2DEWEY _cLIBRO _a21 _e1 _h947.7 _mE612 _n0 |
||
| 999 |
_c321763 _d321763 |
||